Ramón Llull / (Record no. 95587)

MARC details
000 -LEADER
campo de control de longitud fija 00654nam a2200205 i 4500
001 - NÚMERO DE CONTROL
campo de control 95587
003 - IDENTIFICADOR DE NÚMERO DE CONTROL
campo de control ES-MaACL
005 - FECHA Y HORA DE LA ÚLTIMA TRANSACCIÓN
campo de control 20251009173517.0
007 - CAMPO FIJO DE DESCRIPCIÓN FÍSICA--INFORMACIÓN GENERAL
campo de control de longitud fija t|
008 - DATOS DE LONGITUD FIJA--INFORMACIÓN GENERAL
campo de control de longitud fija 050531s1968 sp ||||1| cat d
100 1# - ENTRADA PRINCIPAL--NOMBRE DE PERSONA
Nombre de persona Llinarés, Armand.
9 (RLIN) 72784
245 10 - MENCIÓN DEL TÍTULO
Título Ramón Llull /
Mención de responsabilidad, etc. Armand Llinarés; próleg de Joaquim Carreras i Artau; [traducció de Miquel Adrover].
250 ## - MENCION DE EDICION
Mención de edición [1ª ed.].
260 ## - PUBLICACIÓN, DISTRIBUCIÓN, ETC.
Lugar de publicación, distribución, etc. Barcelona :
Nombre del editor, distribuidor, etc. Ediciones 62,
Fecha de publicación, distribución, etc. 1968.
300 ## - DESCRIPCIÓN FÍSICA
Extensión 331 p., 24 lám. ;
Dimensiones 20 cm.
700 1# - ENTRADA AGREGADA--NOMBRE PERSONAL
Nombre de persona Carreras y Artau, Joaquín,
Fechas asociadas al nombre 1894-1968
9 (RLIN) 35686
700 1# - ENTRADA AGREGADA--NOMBRE PERSONAL
Nombre de persona Adrover, Miquel.
9 (RLIN) 18486
852 ## - LOCALIZACIÓN
Ubicación ES-MaACL
Número de control de estantería C-50509
Sublocalización o colección R.67381
Holdings
Estatus retirado Estado de pérdida Estado de daño No para préstamo Biblioteca de origen Biblioteca actual Ubicación en estantería Fecha de adquisición Fuente de adquisición Total de préstamos Signatura topográfica completa Código de barras Visto por última vez Precio de reemplazo Tipo de ítem Koha
        Biblioteca del Ateneo de Madrid Biblioteca del Ateneo de Madrid Depósito 2 17/01/2008     C-50509 1099811 23/02/2023 23/02/2023 Libro impreso